000 00480pab a2200181 454500
008 180718b2010 xxu||||| |||| 00| 0 eng d
100 _aNguyen-Hoand, Phuong
245 _aAn analysis of quasi-decentralized budgeting in Vietnam
260 _c2010
300 _ap.698-709.
362 _aOct-Nov
650 _aBudget - Vietnam
650 _aBudget
700 _aSchroeder, Larry
773 _aInternational Journal of Public Administration
908 _aN
909 _a90245
999 _c90245
_d90245